000 00264nam a2200109Ia 4500
008 200302s9999 xx 000 0 und d
100 _aMurray Stewart
245 _aThe City: Problems of Planning
260 _bPenguin Books Ltd.
260 _c1977
300 _a496 P.,
999 _c5590
_d5590